[Event "Baden-ch op U1400"]
[Site "Haslach im Kinzigtal"]
[Date "2010.06.02"]
[Round "3"]
[White "Dorer, Hubert"]
[Black "Pflumm, Markus"]
[Result "1-0"]
[WhiteElo "1383"]
[BlackElo "1228"]
[PlyCount "81"]
[EventDate "2010.05.31"]
[EventType "swiss"]
[EventRounds "7"]
[EventCountry "GER"]
[SourceTitle "EXT 2011"]
[Source "ChessBase"]
[SourceDate "2010.11.26"]
[SourceVersion "1"]
[SourceVersionDate "2010.11.26"]
[SourceQuality "1"]

1. e4 e5 2. Nf3 Nc6 3. Bb5 d6 4. c3 Bd7 5. 0-0 Nf6 6. Re1 a6 7. Ba4 Be7 8. d4 exd4 9. cxd4 0-0 10. Nc3 b5 11. Bc2 Bg4 12. h3 Bxf3 13. gxf3 Qd7 14. Kh2 Nb4 15. Rg1 Kh8 16. Bb1 d5 17. e5 Nh5 18. f4 g6 19. f5 Bh4 20. Rg2 Ng7 21. Bh6 Rfe8 22. Qg4 Bd8 23. a3 Nc6 24. f6 Qxg4 25. Bxg7+ Kg8 26. Rxg4 h5 27. Rh4 Na5 28. Nxd5 Nb3 29. Ra2 Nd2 30. Be4 Nxe4 31. Rxe4 c6 32. Nb4 Re6 33. b3 Bb6 34. Rc2 Rc8 35. Nxa6 Ra8 36. Nb4 Rxa3 37. Nxc6 Rxb3 38. d5 Re8 39. Rb4 Rxb4 40. Nxb4 Rxe5 41. Rc8+ 1-0